| 000 | 01370nam a2200217Ia 4500 | ||
|---|---|---|---|
| 999 |
_c37783 _d37783 |
||
| 001 | 3760 | ||
| 003 | GE_BSU | ||
| 005 | 20190806173021.0 | ||
| 008 | 181216s1978||||ge |||||||||||||| ||geo|| | ||
| 040 | _cGE_BSU | ||
| 041 | _ageo | ||
| 080 | _a016 ს–32 | ||
| 245 |
_aსაქართველოს სსრ მეცნიერებათა აკადემიის გამოცემათა ბიბლიოგრაფია 1974-1975 წწ. / _cსაქ. სსრ მეცნ. აკად., ცენტრ. სამეცნ. ბიბ-კა ; შემდგ.: მ. პატარაია, ზ. მახარაძე, ნ. ბაღათურია ; [რედ. ს. ხადური, ბიბლიოგრ. რედ. ა. ირემაშვილი]. |
||
| 264 |
_aთბილისი : _bმეცნიერება, _c1978. |
||
| 300 |
_a650 გვ. ; _b26 სმ. |
||
| 500 | _aსახელთა საძიებელი: გვ. 600-647. | ||
| 653 | _aსაქართველოს მეცნიერებათა აკადემიის გამოცემათა ბიბლიოგრაფია | ||
| 700 |
_aპატარაია, მ. _eშემდგენელი _93430 |
||
| 700 |
_aხადური, ს. _eრედაქტორი _93431 |
||
| 942 |
_cBK _2udc |
||